000 00920nam a2200301 i 4500
001 67644
003 ES-MaACL
005 20240126063000.0
007 t|
008 040608m20012003mx ||||0| spa j
020 _a968-411-526-1
040 _aM-BN
_bspa
_cM-BN
080 _a821.161.1-94"18"
080 _a929 Tolstoï, Lev Nikolaevich
100 1 _aTolstói, Lev,
_d1828-1910
_9110489
245 1 0 _aDiarios /
_cLev Tolstói ; edición y traducción de Selma Ancira.
250 _a1ª ed.
260 _aMéxico D.F. :
_bEdiciones Era,
_c2001-2003.
300 _a2 v. :
_bil. ;
_c21 cm.
490 1 _aBiblioteca Era
505 8 _aContiene: V. 1. 1847-1894 -- v. 2. 1895-1910
600 1 4 _aTolstói, Lev,
_d1828-1910
_9110489
700 1 _aAncira, Selma,
_d1956-
_921408
830 0 _aBiblioteca Era
_9183201
852 _aES-MaACL
_jL-27879-80
_bR.133622
999 _c67644
_d67644